|
|
|
|
| LEADER |
00000nam a22000007a 4500 |
| 005 |
20171221162611.0 |
| 007 |
cr|||| |||| |
| 008 |
171221s2009 mx |||||s|||| 00||0 spa d |
| 020 |
|
|
|a 978-607-401-103-6
|
| 035 |
|
|
|a 20926
|
| 040 |
|
|
|a vLex
|
| 090 |
|
|
|c 7332
|d 7332
|
| 100 |
1 |
|
|a Weldon, Jeffrey
|
| 245 |
1 |
4 |
|a Los procedimientos legislativos en la Cm̀ara de Diputados 1917-1964
|h [Recurso electrn̤ico] /
|c Jeffrey Weldon; Juan Molinar Horcasitas
|
| 256 |
|
|
|a Servicio en ln̕ea
|
| 260 |
|
|
|a Ciudad de Mx̌ico:
|b Cm̀ara de Diputados,
|c 2009
|
| 300 |
|
|
|a 1 recurso electrn̤ico
|
| 506 |
1 |
|
|a Disponible solo en los productos indicados
|d vLex Global
|d vLex Global (Academic Edition, excluding Law Schools)
|d vLex Global (U.S. Academic Edition, Law Schools)
|d vLex Global (U.S. Academic Edition, excluding Law Schools)
|d vLex Global (Academic Edition, Law Schools)
|
| 650 |
0 |
4 |
|a Derecho Constitucional
|z Mx̌ico
|
| 700 |
1 |
|
|a Molinar Horcasitas, Juan
|
| 740 |
0 |
|
|a vLex Libros (Servicio en ln̕ea)
|
| 856 |
4 |
0 |
|u http://vlex.com/source/procedimientos-legislativos-en-la-camara-de-diputados-1917-1964-20926
|z Acceso restringido
|
| 942 |
|
|
|c BOOK
|
| 999 |
0 |
|
|a Constitutional law
|